| LEADER |
01128nam0a2200265 450 |
| 001 |
16817700 |
| 010 |
|
|
|a 978-2-7556-1313-1
|b br.
|d 17,5
|
| 100 |
|
|
|a 20131122d2026 u u0frey01 ba
|
| 101 |
0 |
|
|a fre
|
| 102 |
|
|
|a FR
|
| 200 |
0 |
|
|a Images de propagande 1914-1918 ou L'art de vendre la guerre
|f [illustrations d'] Annie Pastor
|g textes de Katherine Quénot et Régis Duval - [traductions des affiches par Alexis Doualle]
|
| 207 |
|
1 |
|a
|
| 210 |
|
|
|a Paris
|c Hugo Desinge
|d impr. 2013
|
| 215 |
|
|
|a 1 vol. (157 p.)
|c ill. en noir et en coul., couv. ill. en coul.
|d 29 cm
|
| 330 |
|
|
|a Comment les pays vendaient-ils la guerre à leurs citoyens ?
|
| 606 |
0 |
|
|a Guerre mondiale (1914-1918)
|x Propagande
|
| 606 |
0 |
|
|a Guerre mondiale (1914-1918)
|x Affiches
|
| 606 |
0 |
|
|a Affiches
|x Affiches
|z 1900-1945
|
| 676 |
|
|
|a 940.488
|
| 700 |
|
0 |
|a Pastor
|b Annie
|4 440
|
| 702 |
|
0 |
|a Quenot
|b Katherine
|f 1958-....
|4 70
|
| 702 |
|
0 |
|a Duval
|b Régis
|c historien de la Grande guerre
|f 19..-....
|4 70
|
| 900 |
|
|
|a Documentaire
|
| 901 |
|
|
|a Accessible au prêt
|
| 995 |
|
|
|a Bibliothèque
|c Bibliothèque
|f 024014420
|h 024014420
|k 940 PAS
|o p
|q a
|r az
|e Bibliothèque
|